000 00675cam a2200181 4500500
005 20260111080243.0
041 _afre
042 _adc
100 1 0 _aBroussolle, Yves
_eauthor
245 0 0 _aLes principales dispositions du projet de loi finances pour 2018 relatives aux collectivités territoriales
260 _c2018.
500 _a7
690 _abudget de l’État
690 _afinances locales
690 _aprojet de loi de finances pour 2018
786 0 _nGestion & Finances Publiques | 1 | 1 | 2018-01-01 | p. 16-18 | 1969-1009
856 4 1 _uhttps://droit.cairn.info/revue-gestion-et-finances-publiques-2018-1-page-16?lang=fr&redirect-ssocas=7080
999 _c1616054
_d1616054